| 000 | 00442nam a22001697a 4500 | ||
|---|---|---|---|
| 005 | 20250911114517.0 | ||
| 008 | 250910b |||||||| |||| 00| 0 eng d | ||
| 020 | _a978-81-952945-5-8 | ||
| 041 | _aeng | ||
| 082 | _a346.01 SAX-F | ||
| 100 |
_aSAXENA, DR.POONAM PRADHAN _98680 |
||
| 245 | _aFAMILY LAW LECTURES : FAMILY LAW - I | ||
| 260 |
_aHARYANA _bLEXIS NEXIS _c2021 |
||
| 300 | _a537;P | ||
| 650 |
_aLEGAL STUDIES _98608 |
||
| 942 | _cBK | ||
| 999 |
_c8811 _d8809 |
||